00420nam a2200145Ia 4500008004100000020002200041050002000063245005700083260003500140300001200175500002000187500002000207980003000227999001700257151021s9999 xx 000 0 und d a9.7805532127e+012 aPZ3 .H318 1981  a_The House of The Seven Gables/ Nathaniel Hawthorne  aNew York : Bantam Books, 1981  a245 p.  aIncludes index  aIncludes index  a^d20130211 11:40:48^oanne c12860d12860